000 00703nam a2200217 a 4500
001 59741
003 BD-RjUL
005 20211209080750.0
008 161227s2001 b ||||| |||| 00| 0 eng d
035 _a(BD-RjUL)59865
040 _aBD-RjUL
_beng
_cBD-RjUL
_dBD-RjUL
041 _aeng
082 _223
_a350.095492
_bAHP 2001
100 _aAhmed, Nizam
_9177757
245 1 0 _aParliament and public spending in Bangladesh :
_b limits of control /
_cNizam Ahmed
250 _a1st ed.
260 _aDhaka :
_bBangladesh Institute of Parliamentary Studies,
_c2001
300 _axii, 161 p. :
_bill, ;
_c24 cm.
650 _aPublic administration and military science
_zBangladesh.
_9177758
942 _2ddc
_cBK
999 _c59741
_d59741